Formel 1 Fahrer 2010+Ersatzfahrer - Statistiken

Allgemein
  • Dieses Quiz wurde 38 mal gespielt
  • Das Durchschnittsergebnis liegt bei 20 aus 59
Antwortstatistiken
Team stamm /ersatzfahrer Fahrer Nation % Korrekt
McLaren Mercedes stamm Lewis Hamilton Großbritannien
100%
Ferrari stamm Fernando Alonso Spanien
97%
McLaren Mercedes stamm Jenson Button Großbritannien
97%
Red Bull stamm Sebastian Vettel Deutschland
94%
Mercedes stamm Michael Schumacher Deutschland
88%
Red Bull stamm Mark Webber Australien
85%
Mercedes stamm Nico Rosberg Deutschland
85%
Ferrari stamm Felipe Massa Brasilien
82%
Williams stamm Nico Hülkenberg Deutschland
82%
Red Bull/Toro Rosso test/ersatz Daniel Ricciardo Australien
67%
Renault stamm Robert Kubica Polen
67%
Williams test/ersatz Valtteri Bottas Finnland
58%
BMW Sauber test/ersatz Sergio Perez Mexiko
55%
Williams stamm Rubens Barrichello Brasilien
52%
Virgin stamm Timo Glock Deutschland
52%
Force India stamm Adrian Sutil Deutschland
48%
HRT 18 Rennen stamm Bruno Senna Brasilien
48%
Mercedes test/ersatz Nick Heidfeld Deutschland
48%
BMW Sauber 5 Rennen stamm Nick Heidfeld Deutschland
48%
Lotus stamm Heikki Kovalainen Finnland
45%
Williams/HRT test/ersatz Pastor Maldonado Venezuela
42%
Toro Rosso stamm Sebastien Buemi Schweiz
42%
Renault stamm Witali Petrow Russland
42%
BMW Sauber stamm Kamui Kobayashi Japan
36%
Ferrari test/ersatz GIancarlo Fisichella Italien
33%
HRT 3 Rennen stamm Christian Klien Österreich
30%
Lotus stamm Jarno Trulli Italien
30%
BMW Sauber 14 Rennen stamm Pedro de la Rosa Spanien
24%
Red Bull/Toro Rosso test/ersatz David Coulthard Großbritannien
21%
Toro Rosso stamm Jaime Alguersuari Spanien
21%
Toro Rosso test/ersatz Jean-Eric Vergne Frankreich
21%
Ferrari test/ersatz Jules BIanchi Frankreich
21%
Ferrari test/ersatz Luca Badoer Italien
21%
Force India test/ersatz Paul di Resta Großbritannien
21%
Force India stamm Vitantonio Liuzzi Italien
21%
Red Bull/Toro Rosso test/ersatz Brendan Hartley Neuseeland
18%
BMW Sauber test/ersatz Esteban Gutierrez Mexiko
15%
Renault/Virgin test/ersatz Jerome D`Ambrosio Belgien
15%
Virgin test/ersatz Rio Haryanto Indonesien
15%
HRT 10 Rennen stamm Karum Chandhok Indien
12%
Virgin stamm Lucas di Grassi Brasilien
12%
Ferrari test/ersatz Marc Gene Spanien
9%
Mercedes test/ersatz Sam Bird Großbritannien
9%
McLaren Mercedes test/ersatz Gary Paffett Großbritannien
6%
HRT 7 Rennen stamm Sakon Yamamoto Japan
6%
Virgin test/ersatz Andy Soucek Spanien
3%
Force India test/ersatz Antonio Felix da Costa Portugal
3%
Renault test/ersatz Ho-Pin Tung China
3%
HRT test/ersatz Josef Kral Tschechien
3%
McLaren Mercedes test/ersatz Oliver Turvey Großbritannien
3%
HRT test/ersatz Davide Valsecchi Italien
0%
Williams test/ersatz Dean Stoneman Großbritannien
0%
Lotus test/ersatz Fairuz Fauzy Malaysia
0%
Renault test/ersatz Jan Charouz Tschechien
0%
Virgin test/ersatz Luiz Razia Brasilien
0%
Renault test/ersatz Michail Aljoschin Russland
0%
Lotus test/ersatz Rodolfo Gonzales Venezuela
0%
Lotus test/ersatz Vladimir Arabadzhiev Bulgarien
0%
Force India test/ersatz Yelmer Buurman Niederlande
0%
Keine übereinstimmenden Quizze gefunden
Verteilung der Resultate
Anzahl Personen mit jedem Resultat
Perzentil nach korrekt beantworteten Fragen
Ihre Resultats-Entwicklung
Sie haben dieses Quiz noch nicht gespielt